| 000 | 00739nam a2200181 i 4500 | ||
|---|---|---|---|
| 001 | 73288 | ||
| 003 | ES-MaACL | ||
| 005 | 20230906171738.0 | ||
| 007 | t| | ||
| 008 | 030224s1862 sp ||||1| spa d | ||
| 080 | _a336.722(460.27 M.)(055.5) | ||
| 110 | 2 |
_aCaja de Ahorros de Madrid. _92287 |
|
| 245 | 1 | 0 | _aMemoria anual de la Caja de Ahorros de Madrid y estados generales de su situación y operaciones hasta 31 de diciembre de 1861. |
| 260 |
_aMadrid : _b[s.n.], _c1862 ( _fImp. del Colegio de Sordo-Mudos y de Ciegos) |
||
| 300 |
_a13, [2] p., [2] h. pleg. ; _c20 cm. |
||
| 610 | 2 | 4 |
_aCaja de Ahorros de Madrid- _vMemorias. _9143740 |
| 852 | 4 |
_aES-MaACL _jT-74-F-14 _z- Enc. hol., falto de cub. original _z- Enc. en un vol. facticio |
|
| 999 |
_c73288 _d73288 |
||